[Event "Moscow ol (Women)"]
[Site "Moscow"]
[Date "1994.??.??"]
[Round "1.1"]
[White "Hoiberg, Nina"]
[Black "Hassan, M."]
[Result "1-0"]
[WhiteElo "2275"]
[BlackElo "2005"]
[PlyCount "45"]
[EventDate "1994.12.01"]
[EventType "team-swiss"]
[EventRounds "14"]
[EventCountry "RUS"]
[SourceTitle "EXT 1999"]
[Source "ChessBase"]
[SourceDate "1998.11.10"]
[SourceVersion "1"]
[SourceVersionDate "1998.11.10"]
[SourceQuality "1"]
[WhiteTeam "Danmark"]
[BlackTeam "US Virgin Island"]
[WhiteTeamCountry "DEN"]
[BlackTeamCountry "ISV"]

1. e4 e6 2. Nf3 d5 3. e5 c5 4. b4 cxb4 5. a3 Nc6 6. axb4 Bxb4 7. c3 Ba5 8. d4
f6 9. Bd3 a6 10. O-O b5 11. Bd2 Bb7 12. Re1 f5 13. g4 g6 14. Ng5 Qd7 15. gxf5
gxf5 16. Qh5+ Kd8 17. Nf7+ Kc7 18. Nxh8 Qg7+ 19. Kh1 Qxh8 20. Qf7+ Nge7 21.
Rxa5 Nxa5 22. Qxe7+ Kb6 23. Qc5# 1-0

[Event "Moscow ol (Women)"]
[Site "Moscow"]
[Date "1994.??.??"]
[Round "2.3"]
[White "Fatalibekova, Elena"]
[Black "Guindy, Esmat"]
[Result "1-0"]
[WhiteElo "2230"]
[BlackElo "2045"]
[PlyCount "51"]
[EventDate "1994.12.01"]
[EventType "team-swiss"]
[EventRounds "14"]
[EventCountry "RUS"]
[SourceTitle "EXT 1999"]
[Source "ChessBase"]
[SourceDate "1998.11.10"]
[SourceVersion "1"]
[SourceVersionDate "1998.11.10"]
[SourceQuality "1"]
[WhiteTeam "Rusland B"]
[BlackTeam "Danmark"]
[WhiteTeamCountry "RUS"]
[BlackTeamCountry "DEN"]

1. d4 d5 2. Nf3 Bf5 3. c4 e6 4. Nc3 c6 5. Qb3 Qb6 6. c5 Qxb3 7. axb3 Na6 8. e4
Nb4 9. Ra4 dxe4 10. Rxb4 exf3 11. Rxb7 Be7 12. gxf3 Bf6 13. Be3 Ne7 14. Ne4
Bxe4 15. fxe4 e5 16. dxe5 Bxe5 17. Bc4 Rf8 18. O-O f5 19. Bg5 Bf6 20. Bf4 fxe4
21. Re1 Nd5 22. Bd6 Rh8 23. Rxe4+ Kd8 24. Bxd5 cxd5 25. Reb4 Re8 26. c6 1-0

[Event "Moscow ol (Women)"]
[Site "Moscow"]
[Date "1994.??.??"]
[Round "3.2"]
[White "Mortensen, Beatrix"]
[Black "Cuevas Rodriguez, Maria Luisa"]
[Result "1/2-1/2"]
[WhiteElo "2100"]
[BlackElo "2240"]
[PlyCount "116"]
[EventDate "1994.12.01"]
[EventType "team-swiss"]
[EventRounds "14"]
[EventCountry "RUS"]
[SourceTitle "EXT 1999"]
[Source "ChessBase"]
[SourceDate "1998.11.10"]
[SourceVersion "1"]
[SourceVersionDate "1998.11.10"]
[SourceQuality "1"]
[WhiteTeam "Danmark"]
[BlackTeam "Spanien"]
[WhiteTeamCountry "DEN"]
[BlackTeamCountry "ESP"]

1. e4 e5 2. Nf3 Nc6 3. Bc4 Bc5 4. c3 Qe7 5. O-O d6 6. d3 a6 7. Nbd2 Nf6 8. b4
Ba7 9. a4 O-O 10. Bb3 Be6 11. Nc4 d5 12. exd5 Nxd5 13. Qc2 b5 14. Ne3 Nf4 15.
Rd1 Rfd8 16. Bxe6 Qxe6 17. Nf1 Qg4 18. Bxf4 Qxf4 19. Ng3 Rd6 20. Re1 f5 21.
Rad1 Rf8 22. axb5 axb5 23. Qd2 Qxd2 24. Rxd2 Rd5 25. Ng5 Rf6 26. h3 e4 27. d4
h6 28. N5xe4 fxe4 29. Rxe4 Rf8 30. Rde2 Bb6 31. Re6 Nd8 32. Re7 Nf7 33. R2e3
Nd6 34. Re2 Nc4 35. f3 Ra8 36. Re8+ Rxe8 37. Rxe8+ Kf7 38. Re2 Na3 39. Ne4 Nb1
40. Kf1 Na3 41. g4 c6 42. f4 g6 43. Kf2 Nc4 44. Kf3 Rd7 45. h4 Re7 46. f5 gxf5
47. gxf5 Bc7 48. Rg2 Rxe4 49. Kxe4 Nd6+ 50. Ke5 Ne8+ 51. Ke4 Nf6+ 52. Kd3 Nd5
53. Rg4 Bd8 54. Re4 Nc7 55. h5 Be7 56. Rg4 Nd5 57. Re4 Nc7 58. Rg4 Nd5 1/2-1/2

[Event "Moscow ol (Women)"]
[Site "Moscow"]
[Date "1994.??.??"]
[Round "3.3"]
[White "Gonzalez Perez, Lutgarda"]
[Black "Stewart, Tanya"]
[Result "1-0"]
[WhiteElo "2245"]
[BlackElo "2055"]
[PlyCount "75"]
[EventDate "1994.12.01"]
[EventType "team-swiss"]
[EventRounds "14"]
[EventCountry "RUS"]
[SourceTitle "EXT 1999"]
[Source "ChessBase"]
[SourceDate "1998.11.10"]
[SourceVersion "1"]
[SourceVersionDate "1998.11.10"]
[SourceQuality "1"]
[WhiteTeam "Spanien"]
[BlackTeam "Danmark"]
[WhiteTeamCountry "ESP"]
[BlackTeamCountry "DEN"]

1. d4 Nf6 2. Nf3 g6 3. Bf4 d6 4. e3 Bg7 5. Be2 O-O 6. h3 c5 7. O-O Nc6 8. c3 a6
9. a4 cxd4 10. exd4 Nd7 11. Bh2 e5 12. Na3 e4 13. Nd2 d5 14. Nc2 Qg5 15. Ne3
Re8 16. h4 Qd8 17. Nxd5 Nde5 18. dxe5 Qxd5 19. Bc4 Qd8 20. Nxe4 Qxh4 21. f4 Bg4
22. Qe1 Qxe1 23. Rfxe1 Be6 24. Bxe6 Rxe6 25. Rad1 Re7 26. Bg3 Nd8 27. Bh4 Re8
28. Rd7 Ne6 29. g3 b6 30. Red1 Nc5 31. Nxc5 bxc5 32. c4 Rab8 33. Rd8 Rexd8 34.
Rxd8+ Rxd8 35. Bxd8 Bf8 36. Kf2 Kg7 37. Ke3 f6 38. Ke4 1-0

[Event "Moscow ol (Women)"]
[Site "Moscow"]
[Date "1994.??.??"]
[Round "4.1"]
[White "Hoiberg, Nina"]
[Black "Paasikangas Tella, Johanna"]
[Result "1-0"]
[WhiteElo "2275"]
[BlackElo "2175"]
[PlyCount "79"]
[EventDate "1994.12.01"]
[EventType "team-swiss"]
[EventRounds "14"]
[EventCountry "RUS"]
[SourceTitle "EXT 1999"]
[Source "ChessBase"]
[SourceDate "1998.11.10"]
[SourceVersion "1"]
[SourceVersionDate "1998.11.10"]
[SourceQuality "1"]
[WhiteTeam "Danmark"]
[BlackTeam "Finland"]
[WhiteTeamCountry "DEN"]
[BlackTeamCountry "FIN"]

1. e4 c5 2. Nf3 d6 3. d4 cxd4 4. Nxd4 Nf6 5. Nc3 g6 6. Be2 Bg7 7. O-O O-O 8.
Nb3 Nc6 9. Re1 b6 10. Bf1 Bb7 11. a3 Rc8 12. Nd5 Nd7 13. c3 Kh8 14. Bg5 h6 15.
Bh4 Re8 16. f4 Nf8 17. Bb5 f6 18. Nd4 e5 19. Nxc6 Bxc6 20. Bxc6 Rxc6 21. Qa4 b5
22. Qxb5 Rc5 23. Qa4 exf4 24. Bf2 Rc8 25. Nxf4 a5 26. Nd5 Nd7 27. Bd4 Nc5 28.
Qc2 Rf8 29. b4 axb4 30. axb4 Nd7 31. Ra7 Rb8 32. Qa4 Ne5 33. Nf4 Re8 34. Bxe5
fxe5 35. Nd5 h5 36. Qd7 Rg8 37. Qxd8 Rgxd8 38. Ne7 Kh7 39. Rc1 Rb6 40. Nd5 1-0

[Event "Moscow ol (Women)"]
[Site "Moscow"]
[Date "1994.??.??"]
[Round "4.2"]
[White "Walta, Paivi"]
[Black "Guindy, Esmat"]
[Result "0-1"]
[WhiteElo "2015"]
[BlackElo "2045"]
[PlyCount "54"]
[EventDate "1994.12.01"]
[EventType "team-swiss"]
[EventRounds "14"]
[EventCountry "RUS"]
[SourceTitle "EXT 1999"]
[Source "ChessBase"]
[SourceDate "1998.11.10"]
[SourceVersion "1"]
[SourceVersionDate "1998.11.10"]
[SourceQuality "1"]
[WhiteTeam "Finland"]
[BlackTeam "Danmark"]
[WhiteTeamCountry "FIN"]
[BlackTeamCountry "DEN"]

1. e4 e6 2. d4 d5 3. exd5 exd5 4. Nf3 Bd6 5. c4 Nf6 6. Nc3 O-O 7. c5 Be7 8. Bd3
b6 9. cxb6 axb6 10. O-O c5 11. h3 Bb7 12. Re1 Nc6 13. Bg5 h6 14. Bf4 Nxd4 15.
Nxd4 cxd4 16. Ne2 Ne4 17. Nxd4 Bc5 18. Be3 Qf6 19. Bf1 Rfe8 20. a3 Nxf2 21. Qf3
Nxh3+ 22. gxh3 Qxf3 23. Nxf3 Rxe3 24. Rxe3 Bxe3+ 25. Kg2 d4 26. Bc4 Ra5 27. Rf1
Rg5+ 0-1

[Event "Moscow ol (Women)"]
[Site "Moscow"]
[Date "1994.??.??"]
[Round "5.1"]
[White "Hoiberg, Nina"]
[Black "Sakhatova, Elvira"]
[Result "0-1"]
[WhiteElo "2275"]
[BlackElo "2300"]
[PlyCount "81"]
[EventDate "1994.12.01"]
[EventType "team-swiss"]
[EventRounds "14"]
[EventCountry "RUS"]
[SourceTitle "EXT 1999"]
[Source "ChessBase"]
[SourceDate "1998.11.10"]
[SourceVersion "1"]
[SourceVersionDate "1998.11.10"]
[SourceQuality "1"]
[WhiteTeam "Danmark"]
[BlackTeam "Kazakstan"]
[WhiteTeamCountry "DEN"]
[BlackTeamCountry "KAZ"]

1. e4 c5 2. Nf3 g6 3. d4 Bg7 4. Be2 cxd4 5. Nxd4 Nc6 6. Nb3 Nf6 7. Nc3 O-O 8.
O-O d6 9. Re1 Be6 10. Bf1 d5 11. exd5 Nxd5 12. Nxd5 Bxd5 13. c3 Ne5 14. Bf4 Nc6
15. Qd2 e5 16. Be3 Re8 17. Nc5 Ne7 18. Red1 Qc7 19. c4 Bc6 20. b4 Rad8 21. Qc2
Rxd1 22. Rxd1 Nf5 23. Bc1 Nd4 24. Qd2 a5 25. Nb3 axb4 26. Nxd4 exd4 27. Qxb4
Qe5 28. Bd2 Ra8 29. Re1 Qf5 30. a3 Qc2 31. Rc1 Qa2 32. Rd1 Qxa3 33. Qxa3 Rxa3
34. Bb4 Ra8 35. Bc5 Be4 36. f3 Bc2 37. Rd2 Bh6 38. Rxc2 Be3+ 39. Kh1 Ra1 40. g3
Rxf1+ 41. Kg2 0-1

[Event "Moscow ol (Women)"]
[Site "Moscow"]
[Date "1994.??.??"]
[Round "5.3"]
[White "Guindy, Esmat"]
[Black "Uskova, Fliura"]
[Result "1/2-1/2"]
[WhiteElo "2045"]
[BlackElo "2250"]
[PlyCount "53"]
[EventDate "1994.12.01"]
[EventType "team-swiss"]
[EventRounds "14"]
[EventCountry "RUS"]
[SourceTitle "EXT 1999"]
[Source "ChessBase"]
[SourceDate "1998.11.10"]
[SourceVersion "1"]
[SourceVersionDate "1998.11.10"]
[SourceQuality "1"]
[WhiteTeam "Danmark"]
[BlackTeam "Kazakstan"]
[WhiteTeamCountry "DEN"]
[BlackTeamCountry "KAZ"]

1. d4 c5 2. d5 g6 3. c4 Bg7 4. Nc3 d6 5. e4 Nf6 6. h3 O-O 7. Nf3 Na6 8. Bd3 Nc7
9. O-O a6 10. a4 Rb8 11. Re1 e6 12. a5 b5 13. axb6 Rxb6 14. Na4 Rb8 15. e5 dxe5
16. Nxc5 Bb7 17. Nxe5 exd5 18. Bg5 Ne6 19. Bxf6 Bxf6 20. Ncd7 dxc4 21. Nxf8
Bxe5 22. Nxe6 Qd5 23. Be4 Qxe6 24. Bxb7 Rxb7 25. Qd8+ Kg7 26. f4 Qf6 27. Qxf6+
1/2-1/2

[Event "Moscow ol (Women)"]
[Site "Moscow"]
[Date "1994.??.??"]
[Round "6.2"]
[White "Mortensen, Beatrix"]
[Black "Villegas, Sandra"]
[Result "1/2-1/2"]
[WhiteElo "2100"]
[BlackElo "2065"]
[PlyCount "78"]
[EventDate "1994.12.01"]
[EventType "team-swiss"]
[EventRounds "14"]
[EventCountry "RUS"]
[SourceTitle "EXT 1999"]
[Source "ChessBase"]
[SourceDate "1998.11.10"]
[SourceVersion "1"]
[SourceVersionDate "1998.11.10"]
[SourceQuality "1"]
[WhiteTeam "Danmark"]
[BlackTeam "Argentina"]
[WhiteTeamCountry "DEN"]
[BlackTeamCountry "ARG"]

1. e4 e6 2. d4 d5 3. e5 c5 4. c3 Nc6 5. Nf3 Qb6 6. a3 Bd7 7. b4 cxd4 8. cxd4
Rc8 9. Be2 Nge7 10. O-O Ng6 11. Be3 Be7 12. Nbd2 f5 13. exf6 Bxf6 14. Nb3 O-O
15. Nc5 Rf7 16. Ng5 Bxg5 17. Bxg5 a5 18. Bg4 Nf8 19. Rb1 axb4 20. axb4 Ra8 21.
Qd2 Qb5 22. Rfe1 Qb6 23. Qc3 Re8 24. Bh5 g6 25. Bg4 Bc8 26. Bh6 Nd8 27. h4 Qd6
28. Ra1 b6 29. Nd3 Nc6 30. Rab1 Qe7 31. Bg5 Qd6 32. Bf3 Ra7 33. Bf4 Qe7 34. Bg5
Qd6 35. b5 Na5 36. Ne5 Nc4 37. Re2 Nxe5 38. dxe5 Qd7 39. Rbe1 Qf7 1/2-1/2

[Event "Moscow ol (Women)"]
[Site "Moscow"]
[Date "1994.??.??"]
[Round "6.3"]
[White "Herrera, Laura"]
[Black "Guindy, Esmat"]
[Result "1/2-1/2"]
[WhiteElo "2065"]
[BlackElo "2045"]
[PlyCount "98"]
[EventDate "1994.12.01"]
[EventType "team-swiss"]
[EventRounds "14"]
[EventCountry "RUS"]
[SourceTitle "EXT 1999"]
[Source "ChessBase"]
[SourceDate "1998.11.10"]
[SourceVersion "1"]
[SourceVersionDate "1998.11.10"]
[SourceQuality "1"]
[WhiteTeam "Argentina"]
[BlackTeam "Danmark"]
[WhiteTeamCountry "ARG"]
[BlackTeamCountry "DEN"]

1. d4 d5 2. c4 e6 3. Nc3 Be7 4. Nf3 Nf6 5. Bg5 h6 6. Bh4 O-O 7. e3 b6 8. Be2
Bb7 9. Bxf6 Bxf6 10. cxd5 exd5 11. Qb3 c6 12. O-O Qe7 13. Rfe1 Rd8 14. Rad1 g6
15. Bd3 c5 16. Bb1 c4 17. Qc2 Nc6 18. e4 dxe4 19. Rxe4 Qd7 20. d5 Nb4 21. Qd2
Nxd5 22. Rxc4 Bg7 23. Be4 b5 24. Rb4 Nxb4 25. Qxd7 Rxd7 26. Rxd7 Bxe4 27. Nxe4
Nxa2 28. b3 Nc3 29. Nd6 Rf8 30. g3 a5 31. Rb7 a4 32. Nxb5 Nxb5 33. Rxb5 a3 34.
Ra5 Bb2 35. b4 Rd8 36. Kf1 Kg7 37. Ke2 g5 38. h3 Rd7 39. g4 Rd8 40. Ke3 Re8+
41. Kd2 Rc8 42. Ke2 Rc2+ 43. Kf1 Rc3 44. Kg2 Rb3 45. b5 Kf8 46. Nd2 Rb4 47. Nb1
Rxb5 48. Ra8+ Kg7 49. Nxa3 Rb3 1/2-1/2

[Event "Moscow ol (Women)"]
[Site "Moscow"]
[Date "1994.??.??"]
[Round "7.1"]
[White "Starr, Nava"]
[Black "Hoiberg, Nina"]
[Result "1/2-1/2"]
[WhiteElo "2195"]
[BlackElo "2275"]
[PlyCount "70"]
[EventDate "1994.12.01"]
[EventType "team-swiss"]
[EventRounds "14"]
[EventCountry "RUS"]
[SourceTitle "EXT 1999"]
[Source "ChessBase"]
[SourceDate "1998.11.10"]
[SourceVersion "1"]
[SourceVersionDate "1998.11.10"]
[SourceQuality "1"]
[WhiteTeam "Canada"]
[BlackTeam "Danmark"]
[WhiteTeamCountry "CAN"]
[BlackTeamCountry "DEN"]

1. e4 e5 2. Bc4 Nf6 3. d3 Nc6 4. Nc3 d6 5. f4 exf4 6. Bxf4 Ne5 7. Bb3 Be7 8.
Nf3 Ng6 9. Be3 Ng4 10. Qe2 Nxe3 11. Qxe3 c6 12. O-O O-O 13. Rad1 Bg4 14. d4 Nh4
15. Ne2 Nxf3+ 16. gxf3 Bh3 17. Rf2 Bh4 18. Ng3 Qe7 19. Kh1 Rae8 20. Rg1 Kh8 21.
f4 Be6 22. Re2 Bg4 23. Ree1 Be6 24. Qf3 g6 25. f5 Bxb3 26. axb3 Qf6 27. Rd1
Bxg3 28. Rxg3 Re7 29. c3 gxf5 30. exf5 Ree8 31. Rdg1 Rg8 32. Qf4 Rxg3 33. Qxg3
a6 34. b4 Rd8 35. Qg4 Re8 1/2-1/2

[Event "Moscow ol (Women)"]
[Site "Moscow"]
[Date "1994.??.??"]
[Round "7.3"]
[White "Vujosevic, Smilja"]
[Black "Stewart, Tanya"]
[Result "0-1"]
[WhiteElo "2075"]
[BlackElo "2055"]
[PlyCount "68"]
[EventDate "1994.12.01"]
[EventType "team-swiss"]
[EventRounds "14"]
[EventCountry "RUS"]
[SourceTitle "EXT 1999"]
[Source "ChessBase"]
[SourceDate "1998.11.10"]
[SourceVersion "1"]
[SourceVersionDate "1998.11.10"]
[SourceQuality "1"]
[WhiteTeam "Canada"]
[BlackTeam "Danmark"]
[WhiteTeamCountry "CAN"]
[BlackTeamCountry "DEN"]

1. d4 Nf6 2. Nf3 g6 3. Bf4 d6 4. e3 Bg7 5. h3 O-O 6. c3 c5 7. Be2 b6 8. O-O Bb7
9. Nbd2 Nbd7 10. Bh2 Rc8 11. Qb3 Rc7 12. a4 Ne4 13. Nxe4 Bxe4 14. Nd2 Ba8 15.
a5 e5 16. axb6 Nxb6 17. dxe5 dxe5 18. Rfd1 Qe7 19. Nf3 Bxf3 20. Bxf3 Rd8 21.
Bg3 Rcd7 22. Rxd7 Rxd7 23. Rd1 Rxd1+ 24. Qxd1 c4 25. Kf1 h5 26. Be4 Qc7 27. Bc2
Bf6 28. f3 Qc5 29. Bf2 Qb5 30. Qb1 Kg7 31. Qa2 a5 32. e4 Bd8 33. Be3 Qa6 34.
Qa3 Nc8 0-1

[Event "Moscow ol (Women)"]
[Site "Moscow"]
[Date "1994.??.??"]
[Round "8.1"]
[White "Hoiberg, Nina"]
[Black "Repkova, Eva"]
[Result "1/2-1/2"]
[WhiteElo "2275"]
[BlackElo "2265"]
[PlyCount "121"]
[EventDate "1994.12.01"]
[EventType "team-swiss"]
[EventRounds "14"]
[EventCountry "RUS"]
[SourceTitle "EXT 1999"]
[Source "ChessBase"]
[SourceDate "1998.11.10"]
[SourceVersion "1"]
[SourceVersionDate "1998.11.10"]
[SourceQuality "1"]
[WhiteTeam "Danmark"]
[BlackTeam "Slovakiet"]
[WhiteTeamCountry "DEN"]
[BlackTeamCountry "SVK"]

1. e4 e6 2. d4 d5 3. Nd2 c5 4. exd5 Qxd5 5. Ngf3 cxd4 6. Bc4 Qd6 7. O-O Nf6 8.
Nb3 Nc6 9. Nbxd4 Nxd4 10. Nxd4 Bd7 11. c3 Qc7 12. Qe2 O-O-O 13. a4 h5 14. Nb5
Bxb5 15. axb5 Bc5 16. Ra4 Ng4 17. Bf4 e5 18. Bg3 Kb8 19. h3 h4 20. Qxg4 f5 21.
Bxe5 Qxe5 22. Qe2 Qxe2 23. Bxe2 Rd2 24. b4 Bb6 25. Re1 Re8 26. Kf1 g5 27. Raa1
g4 28. c4 Bd4 29. Ra3 Re4 30. c5 Rb2 31. Rd3 Rxb4 32. c6 bxc6 33. bxc6 Kc7 34.
f3 Rf4 35. Rc1 a5 36. Rc2 a4 37. Bd1 Rb1 38. Ke2 g3 39. Ra2 Bc5 40. Rxa4 Rxa4
41. Bxa4 Rg1 42. Rd7+ Kc8 43. Bb3 Rxg2+ 44. Kd3 Bb4 45. Rg7 Rd2+ 46. Ke3 Rd6
47. Kf4 Bc3 48. Rg8+ Kc7 49. Kxf5 Rxc6 50. Bd5 Rd6 51. Ke4 Rd7 52. f4 Bg7 53.
Kf3 Kd6 54. Be4 Re7 55. Rd8+ Kc7 56. Rd2 Bh6 57. Rc2+ Kd8 58. Rd2+ Ke8 59. Rc2
Ra7 60. Kg4 Kf8 61. Kxh4 1/2-1/2

[Event "Moscow ol (Women)"]
[Site "Moscow"]
[Date "1994.??.??"]
[Round "8.2"]
[White "Hagarova, Zuzana"]
[Black "Guindy, Esmat"]
[Result "1-0"]
[WhiteElo "2170"]
[BlackElo "2045"]
[PlyCount "109"]
[EventDate "1994.12.01"]
[EventType "team-swiss"]
[EventRounds "14"]
[EventCountry "RUS"]
[SourceTitle "EXT 1999"]
[Source "ChessBase"]
[SourceDate "1998.11.10"]
[SourceVersion "1"]
[SourceVersionDate "1998.11.10"]
[SourceQuality "1"]
[WhiteTeam "Slovakiet"]
[BlackTeam "Danmark"]
[WhiteTeamCountry "SVK"]
[BlackTeamCountry "DEN"]

1. e4 e6 2. d4 d5 3. Nd2 Nf6 4. e5 Nfd7 5. c3 c5 6. Bd3 Nc6 7. Ne2 cxd4 8. cxd4
f6 9. exf6 Nxf6 10. O-O Qb6 11. Nf3 Bd6 12. Ng3 O-O 13. a3 g6 14. Bc2 Bd7 15.
Bg5 Rae8 16. b4 a6 17. Re1 Ng4 18. h3 Nxf2 19. Kxf2 Qxd4+ 20. Qxd4 Nxd4 21. Bd1
e5 22. Kg1 Nxf3+ 23. gxf3 Bxh3 24. Bb3 Be6 25. Kg2 Rc8 26. Rac1 Kg7 27. Rh1
Rxc1 28. Rxc1 h6 29. Be3 e4 30. Nxe4 dxe4 31. Bxe6 exf3+ 32. Kf2 g5 33. Bd4+
Kg6 34. Rc3 g4 35. Bd5 g3+ 36. Kf1 g2+ 37. Kg1 Be5 38. Be4+ Kg5 39. Be3+ Kg4
40. Rc5 Bf4 41. Bf2 b6 42. Rd5 h5 43. Rd3 Be5 44. Bd5 Rf6 45. Bb7 a5 46. Rd5
Bc3 47. Kh2 axb4 48. axb4 h4 49. Be3 g1=Q+ 50. Kxg1 f2+ 51. Bxf2 Bxb4 52. Bc8+
Kf3 53. Rd3+ Ke2 54. Ba6 Rg6+ 55. Rg3+ 1-0

[Event "Moscow ol (Women)"]
[Site "Moscow"]
[Date "1994.??.??"]
[Round "8.3"]
[White "Stewart, Tanya"]
[Black "Konopkova, Nina"]
[Result "1-0"]
[WhiteElo "2055"]
[BlackElo "2065"]
[PlyCount "65"]
[EventDate "1994.12.01"]
[EventType "team-swiss"]
[EventRounds "14"]
[EventCountry "RUS"]
[SourceTitle "EXT 1999"]
[Source "ChessBase"]
[SourceDate "1998.11.10"]
[SourceVersion "1"]
[SourceVersionDate "1998.11.10"]
[SourceQuality "1"]
[WhiteTeam "Danmark"]
[BlackTeam "Slovakiet"]
[WhiteTeamCountry "DEN"]
[BlackTeamCountry "SVK"]

1. e4 c6 2. d4 d5 3. e5 Bf5 4. Nf3 e6 5. Be2 c5 6. O-O Nc6 7. c3 Qc7 8. a3 Nge7
9. Be3 h6 10. b4 c4 11. Nbd2 Nc8 12. Nh4 Bh7 13. g3 Be7 14. Ng2 O-O 15. Bh5 Bd3
16. Re1 Kh7 17. Nf4 g6 18. Bg4 Bf5 19. Bxf5 gxf5 20. Qh5 Bd8 21. Ng2 Rh8 22.
Qxh6+ Kg8 23. Qf4 N8e7 24. Nh4 Ng6 25. Nxg6 fxg6 26. h4 Rh5 27. Nf3 Qh7 28. Kf1
Be7 29. Ke2 Nd8 30. Rg1 Nf7 31. g4 fxg4 32. Qxg4 g5 33. Rad1 1-0

[Event "Moscow ol (Women)"]
[Site "Moscow"]
[Date "1994.??.??"]
[Round "9.1"]
[White "Hoiberg, Nina"]
[Black "Korenova, Martina"]
[Result "1/2-1/2"]
[WhiteElo "2275"]
[BlackElo "2190"]
[PlyCount "48"]
[EventDate "1994.12.01"]
[EventType "team-swiss"]
[EventRounds "14"]
[EventCountry "RUS"]
[SourceTitle "EXT 1999"]
[Source "ChessBase"]
[SourceDate "1998.11.10"]
[SourceVersion "1"]
[SourceVersionDate "1998.11.10"]
[SourceQuality "1"]
[WhiteTeam "Danmark"]
[BlackTeam "Tjekkiet"]
[WhiteTeamCountry "DEN"]
[BlackTeamCountry "CZE"]

1. e4 e5 2. Nf3 Nc6 3. Bc4 Bc5 4. b4 Bxb4 5. c3 Be7 6. d4 Na5 7. Nxe5 Nxc4 8.
Nxc4 d5 9. exd5 Qxd5 10. Ne3 Qd7 11. O-O Nf6 12. c4 O-O 13. Ba3 Bxa3 14. Nxa3
b6 15. Qf3 Ba6 16. Nac2 Rab8 17. Nb4 Bb7 18. d5 Qe7 19. Nc6 Bxc6 20. dxc6 Rfe8
21. Rad1 Qe4 22. Qxe4 Rxe4 23. Rd3 Kf8 24. Ra3 Re6 1/2-1/2

[Event "Moscow ol (Women)"]
[Site "Moscow"]
[Date "1994.??.??"]
[Round "9.2"]
[White "Maskova, Jana"]
[Black "Mortensen, Beatrix"]
[Result "1-0"]
[WhiteElo "2220"]
[BlackElo "2100"]
[PlyCount "63"]
[EventDate "1994.12.01"]
[EventType "team-swiss"]
[EventRounds "14"]
[EventCountry "RUS"]
[SourceTitle "EXT 1999"]
[Source "ChessBase"]
[SourceDate "1998.11.10"]
[SourceVersion "1"]
[SourceVersionDate "1998.11.10"]
[SourceQuality "1"]
[WhiteTeam "Tjekkiet"]
[BlackTeam "Danmark"]
[WhiteTeamCountry "CZE"]
[BlackTeamCountry "DEN"]

1. e4 c5 2. Nf3 d6 3. d4 cxd4 4. Nxd4 Nf6 5. Nc3 g6 6. Be3 Bg7 7. Be2 Nc6 8.
Nb3 O-O 9. f4 Be6 10. g4 Na5 11. g5 Nd7 12. Bd4 f6 13. h4 Rc8 14. h5 Nc4 15.
Nd5 Ndb6 16. hxg6 hxg6 17. f5 Nxd5 18. fxe6 Nf4 19. Bxc4 Rxc4 20. Qg4 fxg5 21.
O-O-O Qc8 22. Bxg7 Rxc2+ 23. Kb1 Rg2 24. Bc3 Rf6 25. Qf3 Qxe6 26. Bxf6 Qxf6 27.
Nd4 b6 28. Qb3+ Kg7 29. Qc3 Qe5 30. Rc1 g4 31. Qc8 Qxd4 32. Qh8+ 1-0

[Event "Moscow ol (Women)"]
[Site "Moscow"]
[Date "1994.??.??"]
[Round "9.3"]
[White "Guindy, Esmat"]
[Black "Saljova, Silvie"]
[Result "1/2-1/2"]
[WhiteElo "2045"]
[BlackElo "2250"]
[PlyCount "144"]
[EventDate "1994.12.01"]
[EventType "team-swiss"]
[EventRounds "14"]
[EventCountry "RUS"]
[SourceTitle "EXT 1999"]
[Source "ChessBase"]
[SourceDate "1998.11.10"]
[SourceVersion "1"]
[SourceVersionDate "1998.11.10"]
[SourceQuality "1"]
[WhiteTeam "Danmark"]
[BlackTeam "Tjekkiet"]
[WhiteTeamCountry "DEN"]
[BlackTeamCountry "CZE"]

1. d4 Nf6 2. c4 e6 3. Nc3 Bb4 4. e3 c5 5. Nge2 cxd4 6. exd4 d5 7. a3 Be7 8.
cxd5 Nxd5 9. Nxd5 Qxd5 10. Nc3 Qd8 11. Bb5+ Bd7 12. Bxd7+ Qxd7 13. O-O O-O 14.
d5 e5 15. Re1 Bd6 16. Ne4 Na6 17. Qb3 Rac8 18. Be3 b6 19. Rac1 Kh8 20. Qd3 Nb8
21. Bd2 Rfe8 22. Rxc8 Rxc8 23. Nxd6 Qxd6 24. Bb4 Qf6 25. Bc3 Nd7 26. Qg3 Qd6
27. h3 f6 28. Qg4 Rd8 29. Bb4 Nc5 30. Rd1 g6 31. Bxc5 Qxc5 32. Qf3 Rd6 33. g4
Qc2 34. Rd3 Qc4 35. Rc3 Qxd5 36. Qxd5 Rxd5 37. Rc8+ Kg7 38. Rc7+ Kh6 39. Rxa7
Rd3 40. Kg2 Rb3 41. Rf7 Kg5 42. Rxh7 f5 43. gxf5 gxf5 44. h4+ Kg6 45. Rd7 Rxb2
46. Rd5 e4 47. h5+ Kxh5 48. Rxf5+ Kg4 49. Rf8 Ra2 50. Rg8+ Kf4 51. Rb8 e3 52.
Kf1 Rxf2+ 53. Ke1 Rb2 54. a4 Kf3 55. Rf8+ Ke4 56. Rb8 Kd3 57. Rd8+ Kc4 58. Rb8
Kc5 59. a5 b5 60. a6 Ra2 61. Re8 Rxa6 62. Rxe3 Ra2 63. Kd1 Kd4 64. Rh3 Kc4 65.
Kc1 Kb4 66. Kb1 Re2 67. Rg3 Ka4 68. Rh3 b4 69. Rg3 Re4 70. Kb2 b3 71. Rg8 Re2+
72. Kb1 Kb4 1/2-1/2

[Event "Moscow ol (Women)"]
[Site "Moscow"]
[Date "1994.??.??"]
[Round "10.1"]
[White "Horvath, Maria"]
[Black "Hoiberg, Nina"]
[Result "0-1"]
[WhiteElo "2045"]
[BlackElo "2275"]
[PlyCount "64"]
[EventDate "1994.12.01"]
[EventType "team-swiss"]
[EventRounds "14"]
[EventCountry "RUS"]
[SourceTitle "EXT 1999"]
[Source "ChessBase"]
[SourceDate "1998.11.10"]
[SourceVersion "1"]
[SourceVersionDate "1998.11.10"]
[SourceQuality "1"]
[WhiteTeam "strig"]
[BlackTeam "Danmark"]
[WhiteTeamCountry "AUT"]
[BlackTeamCountry "DEN"]

1. d4 d6 2. Nf3 Bg4 3. Nbd2 Nd7 4. b3 Ngf6 5. Bb2 c6 6. g3 Qc7 7. Bg2 e5 8.
dxe5 dxe5 9. e4 Bc5 10. O-O O-O 11. h3 Bh5 12. g4 Bg6 13. Qe2 Rfe8 14. Ne1 b5
15. a4 a6 16. Nd3 Bd6 17. Ra2 Nc5 18. axb5 axb5 19. Rfa1 Rxa2 20. Rxa2 Ne6 21.
Qe1 h5 22. Qa1 hxg4 23. Nxe5 Bxe5 24. Bxe5 Qd8 25. c4 gxh3 26. Bf3 Ng5 27. Be2
Ngxe4 28. Nxe4 Nxe4 29. f4 Qh4 30. Bd1 h2+ 31. Rxh2 Qe1+ 32. Kg2 Qf2+ 0-1